| 000 | 00719cab a2200229 4500 | ||
|---|---|---|---|
| 001 | WB3425-40 | ||
| 008 | 090401t1998 xxu||||| |||| 00| 0 eng d | ||
| 035 | _a(Sirsi) u87186 | ||
| 041 | _aeng | ||
| 245 | _aTenants and housing costs | ||
| 260 | _c1998 | ||
| 350 | _a0 | ||
| 490 |
_aFinancial Times _v1 July 1998, 15(1) |
||
| 520 | _aThe government is examining a reform of housing benefit that would encourage tenants to seek better suited homes by getting them to meet some of the housing costs themselves. | ||
| 650 | _aHOUSING BENEFIT | ||
| 650 | _aHOUSING COSTS | ||
| 650 | _aHOUSING REFORM | ||
| 650 | _aTENANT PARTICIPATION | ||
| 690 |
_aBlock management _96220 |
||
| 942 | _n0 | ||
| 948 | _c02/07/1998 | ||
| 999 |
_c54969 _d54969 |
||